000 00372 a2200157 4500
001 61041
020 _a
040 _cAnchieta - Pituba
100 _aMoura, Anya
240 1 0 _aUFBA vestibular 2012-2013
_lpor
245 1 0 _aUFBA vestibular 2012-2013
300 _a310
362 0 _a2011
650 4 _a. Vestibulares / Exames de admissão em universidades
942 _cBK
999 _c61041
_d61041